000 00584nam a2200193Ia 4500
003 GCL
008 140319s9999 xx 000 0 ara d
040 _aGCL /
_cGCL
082 0 4 _aد
_b050
100 1 _aويليك ، رينية
245 1 0 _aمفاهيم نقدية (عالم المعرفة 110) /
_cويليك ، رينية
700 1 _aمحمد عصفور
300 _a493 ص
490 _aعالم المعرفة
_v0
650 0 4 _aالادب - تاريخ ونقد
650 0 4 _aالادب المقارن
650 0 4 _aالواقعية فى الادب
942 _2ddc
_cBK
999 _c50335
_d50335